|
|
|
|
| LEADER |
00000nab#a22000007a#4500 |
| 001 |
arbauad000027 |
| 003 |
AR-BaUAD |
| 005 |
20250711110342.0 |
| 008 |
930521|||||||||###||||||b###|0###a|spa|| |
| 040 |
|
|
|a AR-BaUAD
|c AR-BaUAD
|b spa
|
| 100 |
|
|
|a Young, Colin
|
| 245 |
|
|
|a An American Film Institute :
|b a proposal /
|c Colin Young;
|
| 653 |
|
|
|a CINE
|
| 653 |
|
|
|a AMERICAN FILM INSTITUTE
|
| 653 |
|
|
|a ARCHIVOS
|
| 653 |
|
|
|a CATALOGOS
|
| 653 |
|
|
|a EDUCACION
|
| 653 |
|
|
|a EXHIBICION
|
| 653 |
|
|
|a DISTRIBUCION
|
| 653 |
|
|
|a PUBLICACIONES
|
| 653 |
|
|
|a ESTADOS UNIDOS
|
| 773 |
0 |
|
|t FILM QUARTERLY
|g Nº4 [1961], p. 37-50
|
| 942 |
|
|
|c ARTI
|
| 952 |
|
|
|0 0
|1 0
|4 0
|7 0
|9 44948
|a AR-BAuAD
|b AR-BAuAD
|d 2025-07-11
|l 0
|p AAQA000027
|r 2025-07-11 11:03:42
|w 2025-07-11
|y ARTI
|
| 990 |
|
|
|a C196
|b TD
|
| 998 |
|
|
|a AAQ
|b BIBUN76
|
| 999 |
|
|
|c 24621
|d 24621
|